[Sammelmappe mit Kleinschrifttum der von Bodelschwinghschen Anstalten Bethel]: [1989, 1998-2020]

Saved in:  
Bibliographic Details
Corporate Authors: v. Bodelschwinghsche Anstalten Bethel. Herausgebendes Organ (Issuing body) ; v. Bodelschwinghsche Stiftungen Bethel. Herausgebendes Organ (Issuing body)
Format: Print Book
Language:German
Subito Delivery Service: Order now.
Check availability: HBZ Gateway
Interlibrary Loan:Interlibrary Loan for the Fachinformationsdienste (Specialized Information Services in Germany)
Published: Bielefeld [zwischen 1989 und 2020]
In:Year: 1989
Further subjects:B Diaconia
B Ecclesiastical social work
Sammlungen:

MARC

LEADER 00000cam a22000002c 4500
001 1878033425
003 DE-627
005 20240114001220.0
007 tu
008 240113s1989 xx ||||| 00| ||ger c
035 |a (DE-627)1878033425 
035 |a (DE-599)KXP1878033425 
040 |a DE-627  |b ger  |c DE-627  |e rda 
041 |a ger 
084 |a 0  |2 ssgn 
084 |a BL 6137  |2 rvk  |0 (DE-625)rvk/12235: 
084 |a BL 6120  |2 rvk  |0 (DE-625)rvk/12225: 
245 0 0 |a [Sammelmappe mit Kleinschrifttum der von Bodelschwinghschen Anstalten Bethel]  |b [1989, 1998-2020]  |c v. Bodelschwinghsche Anstalten Bethel ; v. Bodelschwinghsche Stiftungen Bethel 
264 1 |a Bielefeld  |c [zwischen 1989 und 2020] 
300 |a 1 Box (75 Einheiten) 
336 |a Text  |b txt  |2 rdacontent 
337 |a ohne Hilfsmittel zu benutzen  |b n  |2 rdamedia 
338 |a Band  |b nc  |2 rdacarrier 
601 |a Kleinschrifttum 
601 |a Anstalt 
650 0 7 |0 (DE-588)4137002-8  |0 (DE-627)10482588X  |0 (DE-576)209673966  |a Kirchliche Sozialarbeit  |2 gnd 
650 0 7 |0 (DE-588)4012046-6  |0 (DE-627)104509643  |0 (DE-576)208896627  |a Diakonie  |2 gnd 
710 2 |a v. Bodelschwinghsche Anstalten Bethel  |e Herausgebendes Organ  |4 isb 
710 2 |a v. Bodelschwinghsche Stiftungen Bethel  |e Herausgebendes Organ  |4 isb 
936 r v |a BL 6137  |b Hilfe für kranke Menschen und für Menschen mit Behinderung  |k Theologie und Religionswissenschaften  |k Christliche Gesellschaftslehre  |k Staat  |k Handlungsfelder kirchlicher / caritativer Sozialarbeit  |k Hilfe für kranke Menschen und für Menschen mit Behinderung  |0 (DE-627)1270727966  |0 (DE-625)rvk/12235:  |0 (DE-576)200727966 
936 r v |a BL 6120  |b Wohlfahrtspflege, Fürsorge, Caritas und Diakonie  |k Theologie und Religionswissenschaften  |k Christliche Gesellschaftslehre  |k Staat  |k Wohlfahrtspflege, Fürsorge, Caritas und Diakonie  |0 (DE-627)1270653415  |0 (DE-625)rvk/12225:  |0 (DE-576)200653415 
951 |a BO 
ELC |b 1 
LOK |0 000 xxxxxcx a22 zn 4500 
LOK |0 001 4457465860 
LOK |0 003 DE-627 
LOK |0 004 1878033425 
LOK |0 005 20240325134139 
LOK |0 008 240113||||||||||||||||ger||||||| 
LOK |0 035   |a (DE-Tue135)REMID484184113 
LOK |0 040   |a DE-Tue135  |c DE-627  |d DE-Tue135 
LOK |0 092   |o n 
LOK |0 852   |a DE-Tue135 
LOK |0 852 1  |9 00 
LOK |0 866   |x SPQUE#Universitätsbibliothek Marburg#SPSAM#Archiv des Religionswissenschaftlichen Medien- und Informationsdienstes e. V. (REMID) 
LOK |0 935   |a remi 
LOK |0 939   |a 13-01-24  |b l01 
ORI |a SA-MARC-ixtheoa001.raw 
REL |a 1 
STA 0 0 |a Diaconia,Charitable service,Innere Mission,Charity,Charitable service,Ecclesiastical social work,Ecclesiastical welfare work 
STB 0 0 |a Diaconie,Travail social des Églises,Œuvre sociale des Églises,Œuvre sociale des Églises 
STC 0 0 |a Diaconia,Trabajo social eclesial 
STD 0 0 |a Diaconia,Diakonie,Diakonie,Lavoro sociale delle Chiese 
STE 0 0 |a 教会慈惠服务,教会服务,教会慈善服务 
STF 0 0 |a 教會慈惠服務,教會服務,教會慈善服務 
STG 0 0 |a Diaconia,Trabalho social eclesial 
STH 0 0 |a Диакония,Социальная работа церкви 
STI 0 0 |a Διακονία,Διακονικό έργο,Εκκλησιαστική κοινωνική εργασία 
SUB |a REL 
SYE 0 0 |a Christliche Liebestätigkeit,Kirche , Diakonisches Werk im Kirchenbezirk Großenhain,Von-Bodelschwinghsche Anstalten,Zweiganstalten,Von-Bodelschwinghsche Anstalten,Freistatt,Diakonie Freistatt , Evangelische Sozialarbeit